Sports Quiz

Random Sports or Football Quiz

All Scottish football teams 2013/2014 Quiz Stats

 Plays Quiz not verified by Sporcle

Challenge
Share
Tweet
Embed
Score 0/42 Timer 10:00
0 Plays Today
Hint Answer % Correct
Celtic
99.2%
Aberdeen
97.5%
Rangers
95.8%
Dundee
88.3%
Hibernian
87.5%
Dundee United
86.7%
Motherwell
79.2%
Heart of Midlothian
78.3%
St Mirren
75.8%
Kilmarnock
73.3%
St Johnstone
72.5%
Partick Thistle
71.7%
Inverness Caledonian Thistle
70.8%
Ross County
70.8%
Falkirk
70%
Hamilton
69.2%
Livingston
64.2%
Queen of the South
64.2%
Queen's Park
62.5%
Raith Rovers
60%
Alloa Athletic
58.3%
Hint Answer % Correct
Cowdenbeath
55.8%
Ayr United
55.8%
Dunfermline
55%
East Fife
55%
Clyde
55%
Dumbarton
53.3%
Arbroath
53.3%
Berwick Rangers
53.3%
Peterhead
53.3%
Greenock Morton
51.7%
Forfar Athletic
51.7%
East Stirlingshire
51.7%
Stenhousemuir
50.8%
Stirling Albion
50.8%
Albion Rovers
49.2%
Stranraer
48.3%
Annan Athletic
48.3%
Elgin City
48.3%
Montrose
48.3%
Brechin City
42.5%
Airdrieonians
35.8%

You're not logged in!

Compare scores with friends on all Sporcle quizzes.
OR
Log In

You Might Also Like...

Show Comments

Extras

Created Mar 29, 2014ReportNominate
Tags:Football Quiz, 2013, 2014, scottish, team, tear

Top Quizzes Today


Score Distribution

Your Account Isn't Verified!

In order to create a playlist on Sporcle, you need to verify the email address you used during registration. Go to your Sporcle Settings to finish the process.

Report this User

Report this user for behavior that violates our Community Guidelines.

Details: